02142naa a2200169 a 450000100080000000500110000800800410001910000180006024501570007826000090023552015300024465300220177465300130179670000190180970000150182877301290184311194202013-10-30 2013 bl uuuu u00u1 u #d1 aMORETO, A. L. aEfeito da ??poca de colheita em caracteres relacionados ?? produtividade em quatro clones de mandioca (Manihot esculenta Crantz).h[electronic resource] c2013 aA introdu????o de cultivares para uso agroindustrial em determinada regi??o deve, segundo Leonel-Neto (1983), ser precedida do conhecimento do seu comportamento diante das condi????es locais, sobretudo em fun????o da ??poca de colheita. No caso da mandioca, o desconhecimento do comportamento das cultivares em rela????o ?? ??poca de colheita pode levar o produtor a colher sua lavora em per??odos considerados desfavor??veis. De acordo com Takahashi e Gon??alo (2005), a colheita de mandioca pode ser efetuada a partir do oitavo at?? o vig??simo quarto m??s ap??s o plantio, com varia????es na produtividade de ra??zes e do percentual de amido. Segundo os mesmos autores, a ??poca de colheita ?? o fator que influencia no rendimento industrial. Conhecer e escolher de forma assertiva variedades de mandioca com finalidade de escalonar a produ????o em distintas ??pocas de colheita possibilitar?? ao agricultor uma maior rentabilidade para a finalidade desejada, maximizando o uso da ??rea agr??cola e minimizando a ocorr??ncia de problemas fitossanit??rios como pragas e podrid??es de ra??zes.Diante disso, este trabalho foi desenvolvido com o objetivo de caracterizar clones elite de mandioca quanto ?? produ????o e teores de amido nas ra??zes ao longo de seis ??pocas de colheita. ?? poss??vel selecionar clones que apresentam caracter??sticas superiores para as diferentes ??pocas de colheita sugeridas; Os clones 118 e 530 se destacam pelas menores varia????es nos teores de amido durante todo o per??odo de avalia????o. aEpoca de colheita aMandioca1 aNEUBERT, E. O.1 aZANELA, M. tIn: CONGRESSO BRASILEIRO DE MANDIOCA, 15., 2013, SALVADOR, BA. [Trabalhos apresentados...]. Salvador, BA: SBM, 2013. p. 1-5.